Donació Fornas : catàleg del fons documental Marcel·lí Domingo catàleg del fons documental Marcel·lí Domingo
Descripción Física:
208 p. , 30 cm
MARC
| LEADER | 00000nam a2200000Ia 4500 | ||
|---|---|---|---|
| 001 | 11027 | ||
| 008 | 160829s1995 xx 000 0 cat d | ||
| 080 | |a A-1-58 | ||
| 100 | |a Catalunya. Parlament. Servei de Documentació, Biblioteca i Arxiu |9 37435 | ||
| 245 | |a Donació Fornas : |b catàleg del fons documental Marcel·lí Domingo | ||
| 260 | |a Barcelona : |b Publicacions del Parlament de Catalunya, |c 1995 | ||
| 300 | |a 208 p. , 30 cm | ||
| 650 | |a Domingo, Marcelino |x Arxius |x Catàlegs |9 37436 | ||
| 650 | |a Fornas i Martínez, Josep |x Biblioteca |x Catàlegs |9 37437 | ||
| 901 | |a Arxiu | ||
| 942 | |n 1 | ||
| 952 | |0 0 |1 0 |4 0 |6 A158 |7 1 |9 47863 |a Arxiu |b Arxiu |d 2016-12-01 |l 0 |o A-1-58 |p 11027 |r 2016-12-01 00:00:00 |w 2016-12-01 |y ARXIU | ||
| 999 | |c 51663 |d 51663 | ||